DigitalTV, television broadcast

Detalles Bibliográficos
Nuevo Título:Television broadcast (2005)
Título anterior:Videography's digitalTV
Formato: Electrónico Revista
Lenguaje:inglés
Publicado: New York, N.Y. : United Entertainment Media, [2002]-c2005.
Materias:
Acceso en línea:Full text available from Research Library: 08/01/2002 to 10/31/2004

MARC

LEADER 00000nas a2200000 a 4500
001 ssj0000457383
003 WaSeSS
005 20200512172242.0
006 m d
007 cr n
008 021009d20022005nyumr p s 0 a0eng c
010 |a  2003210713 
022 |l 1551-1928  |y 1551-1928 
035 |a (WaSeSS)ssj0000457383 
037 |b United Entertainment Media Inc., 460 Park Avenue South, 9th floor, New York, NY 10016  |c $52.00  |c $88.00 (Canada) 
040 |a IU  |b eng  |c IU  |d NSDP  |d OCoLC  |d DLC  |d NSDP  |d DLC  |d CSdNU  |d NN  |d NSDP  |d IU  |d OCoLC  |d MBU  |d OCoLC  |d OCLCF  |d OCLCO  |d DLC  |d WaSeSS 
042 |a pcc  |a nsdp 
043 |a n-us--- 
050 0 0 |a TK6540  |b .B8432 
050 1 4 |a HE8689  |b .B76M 
082 1 0 |a 384  |2 13 
222 0 |a DigitalTV, television broadcast 
245 0 0 |a DigitalTV, television broadcast  |h [electronic resource]. 
246 3 |a Digital TV, television broadcast 
246 3 |a Digital television, television broadcast 
246 3 0 |a Television broadcast 
246 1 |i Issues for Nov. 2004-May 2005 have title:  |a Digital TV 
260 |a New York, N.Y. :  |b United Entertainment Media,  |c [2002]-c2005. 
310 |a Monthly 
362 0 |a Vol. 25, issue 8 (Aug. 2002)-v. 28, issue 5 (May 2005). 
500 |a Title varies slightly. 
500 |a Title from cover. 
506 |a License restrictions may limit access. 
650 0 |a Digital television  |v Periodicals. 
650 0 |a Television broadcasting  |z United States  |v Periodicals. 
650 7 |a Digital television.  |2 fast  |0 (OCoLC)fst00893733 
650 7 |a Television broadcasting.  |2 fast  |0 (OCoLC)fst01146714 
651 7 |a United States.  |2 fast  |0 (OCoLC)fst01204155 
655 0 |a Electronic journals. 
780 0 0 |t Videography's digitalTV  |x 1543-1266  |w (DLC) 2002212438  |w (OCoLC)50759213 
785 0 0 |t Television broadcast (2005)  |x 1556-3588  |w (DLC) 2005213665  |w (OCoLC)60585400 
850 |a DLC 
856 4 0 |z Full text available from Research Library: 08/01/2002 to 10/31/2004  |u https://search.proquest.com/publication/27955